000 00879nam a22002177a 4500
008 231010b |||||||| |||| 00| 0 eng d
040 _aUZ
_beng
_cCUZ
_dCUZ
_erda
050 0 4 _aHD6960.5
_b PUB
245 1 0 _aPublic sector labour relations in Southern Africa:
_bdevelopments and trends/ introduced and edited by Evance Kalula and Lovemore Madhuku
_cintroduced and edited by Evance Kalula and Lovemore Madhuku.
264 _a University of Cape town :
_bInstitute of Development and Labour Law ,
_c1997.
300 _a vii, 288pages :
_billustrations,
_c23cm.
336 _atext
_btxt
337 _aunmediated
_bn
338 _2rdacarrier
650 0 0 _aLabour Relations-
650 0 0 _aPublic Sector - Southern Africa
651 _a Southern Africa
942 _cOS
999 _c44904
_d44904